000 00894nas a2200301 4500
001 BR9203030
003 BR-BrBNA
005 20231205092605.0
007 ta
008 230509b bl.|||p| |||| 00| 00por d
040 _aBR-BrBNA
_bpor
_cBiblioteca Nacional de Agricultura
041 _a(Pt)
072 _aF61; F01
100 1 _aBraga, A.P.
100 1 _aAzevedo, A.R. de
100 1 _aRibeiro, H.U.
100 1 _aBezerra Neto, F.
245 1 _aDigestibilidade aparente da cunha (Clitoria ternatea L.)"in natura" em quatro periodos de corte
650 _aCUNHA
650 _aNUTRICAO VEGETAL
650 _aPRODUCAO VEGETAL
650 _aDIGESTIBILIDADE APARENTE
650 _aCORTE
650 _aRIO GRANDE DO NORTE
773 0 _tCaatinga (Brazil)
_xISSN 019624-X
_g(Jun 1989), v. 6 p. 136-146
_wBR9203030
909 _a202311
_bLúcia
_c55
_dLúcia Elande
942 _2AGRIS
_n0
_cANA
999 _c132710
_d132710